000 01356nam a22003135i 4500
001 164164
003 ES-MaACL
005 20250718063335.0
008 991119s1883 sp |||| | spa d
040 _aCCPB | B
_bspa
_cCCPB | B
080 _a656.8:331-055.2(100)
100 1 _aRuiz de Quevedo, M.,
_dfl. 1870
_eaut
_9132184
245 1 3 _aLa mujer en el servicio de Correos y Telégrafos /
_cpor M. Ruiz de Quevedo y R. Torres Campos.
260 _aMadrid :
_b[s.n.],
_c1883
_f(Imp. del Col. Nacional de Sordo-Mudos y de Ciegos)
300 _a54 páginas ;
_c18 cm.
530 _aDisponible en formato digital
594 _aPrecede al título: Asociación para la Enseñanza de la Mujer
650 4 _aCorreos-
_xPersonal.
_9150419
650 4 _aMujeres-
_xTrabajo-
_zEspaña
_915320
650 4 _aCorreos-
_zEspaña-
_yS.XIX
_9167498
650 4 _aTelégrafos-
_zEspaña
_9136918
700 1 _aTorres Campos, Rafael,
_d1853-1904
_eaut
_9110935
710 2 _aAsociación para la Enseñanza de la Mujer
_eisb
_9144868
852 _aES-MaACL
_cDEPOF
_jT-348-F-3
_xEnc. en un vol. facticio
_xHolandesa, falto de cub. original
856 _uhttps://bdh-rd.bne.es/viewer.vm?id=0000051313&page=1
_yVersión en línea
_z(Biblioteca Digital Hispánica)
942 _2udc
_cFOLLETOS
_n0
999 _c164164
_d164164